Can you guess the underground rapper?! 💯🔥😱 - Statistics

General Stats
  • This quiz has been taken 1,148 times
  • The average score is 12 of 16
Answer Stats
Picture Answer % Correct
Osamason
94%
Nettspend
93%
Ian
92%
Lazerdim
90%
Destroy lonely
89%
Ken Carson
89%
Summrs
82%
Autumn
79%
Jaydes
75%
homixide gang
74%
Glokk40
69%
iayze
59%
Kankan
57%
Izaya Tiji
54%
Xaviersobased
52%
Yhapojj
52%
No matching quizzes found
Score Distribution
Percent of People with Each Score
Percentile by Number Answered
Your Score History
You have not taken this quiz